Production and Operations Mgt. (Record no. 3480)

MARC details
000 -LEADER
fixed length control field 00381nam a22001697a 4500
005 - DATE AND TIME OF LATEST TRANSACTION
control field 20160622104033.0
008 - FIXED-LENGTH DATA ELEMENTS--GENERAL INFORMATION
fixed length control field 160622b xxu||||| |||| 00| 0 eng d
020 ## - INTERNATIONAL STANDARD BOOK NUMBER
ISBN 978-0-07-058355-9
041 ## - LANGUAGE CODE
Language code of text/sound track or separate title eng
082 ## - DEWEY DECIMAL CLASSIFICATION NUMBER
Item number 8890
100 ## - MAIN ENTRY--AUTHOR NAME
Personal name Chary,S.N
245 ## - TITLE STATEMENT
Title Production and Operations Mgt.
260 ## - PUBLICATION, DISTRIBUTION, ETC. (IMPRINT)
Name of publisher TMH
300 ## - PHYSICAL DESCRIPTION
Number of Pages 3610
650 ## - SUBJECT ADDED ENTRY--TOPICAL TERM
Topical Term Management
942 ## - ADDED ENTRY ELEMENTS (KOHA)
Koha item type Books
Holdings
Lost status Damaged status Collection code Home library Current library Shelving location Date acquired Full call number Accession Number Koha item type
    MANAGEMENT JRU Library JRU Library SHELF- 68 F 22/06/2016 8890 8890 Books
    MANAGEMENT JRU Library JRU Library SHELF- 68 F 22/06/2016 8890 8891 Books
    MANAGEMENT JRU Library JRU Library SHELF- 68 F 22/06/2016 8890 8892 Books
      JRU Library   Shelf - 25- D 22/06/2016 8890 8893 Books
    MANAGEMENT JRU Library JRU Library SHELF- 68 F 22/06/2016 8890 8894 Books
    MANAGEMENT JRU Library JRU Library SHELF- 68 F 22/06/2016 8890 8895 Books
    MANAGEMENT JRU Library JRU Library SHELF- 68 F 22/06/2016 8890 8896 Books
    MANAGEMENT JRU Library JRU Library SHELF-39-E 22/06/2016 8890 8897 Books
    MANAGEMENT JRU Library JRU Library SHELF- 68 F 22/06/2016 8890 8898 Books
    MANAGEMENT JRU Library JRU Library SHELF- 68 F 22/06/2016 8890 8899 Books